Efficient management of Hevea diseases for sustainable and high productivity levels (Record no. 58433)

MARC details
000 -LEADER
fixed length control field 00389nam a2200121Ia 4500
100 ## - MAIN ENTRY--AUTHOR NAME
Personal name Fernando T.H.P.S.
245 #0 - TITLE STATEMENT
Title Efficient management of Hevea diseases for sustainable and high productivity levels
260 ## - PUBLICATION, DISTRIBUTION, ETC. (IMPRINT)
Name of publisher Bulletin of the Rubber Research Institute of Sri Lanka
Year of publication 2009
300 ## - PHYSICAL DESCRIPTION
Number of Pages 82-91
700 ## - ADDED ENTRY--PERSONAL NAME
Personal name Wijeratne C.
942 ## - ADDED ENTRY ELEMENTS (KOHA)
Koha item type Journals
Holdings
Withdrawn status Lost status Damaged status Not for loan Home library Current library Shelving location Date acquired Serial Enumeration / chronology Koha item type
      Journals RRII Library RRII Library Crop protection 28/07/2010 Volume 50, Issue .. Journals